000 00891nam a22002657a 4500
001 4143
003 FISKH
005 20240612132711.0
008 240612b cb ||||| |||| 00| 0 eng d
020 _a9780545624374
040 _aFISKH
_beng
_cFISKH
_dFISKH
050 _aPZ7.R4829
082 _a813.6
100 _aRiordan Rick
_d1964-
245 _aThe son of neptune /
_cRick Riordan
260 _aNew York :
_bScholastic,
_c2013
300 _a521 pages :
_c20 cm
505 _aM
520 _aDemigod Percy Jackson, still with no memory, and his new friends from Camp Jupiter, Hazel and Frank, go on a quest to free Death, but their bigger task is to unite the Greek and Roman camps so that the Prophecy of Seven can be fulfilled.
521 8 _a640
_bLexile
521 8 _aM
_bRaz-Plus
700 _aRick Riordan
942 _2ddc
_cBK
_n0
999 _c4143
_d4143